ბათუმის შოთა რუსთაველის სახელმწიფო უნივერსიტეტის ბიბლიოთეკა

ნიშან-თვისებათა დამემკვიდრება ჩაის (Thea sinensis L)დიპლოიდურ და პოლიპლოიდურ ჰიბრიდებში. (ბიბ.ჩანაწერი № 43334)

000 -LEADER
fixed length control field 01112nam a2200229Ia 4500
001 - CONTROL NUMBER
control field 10062
003 - CONTROL NUMBER IDENTIFIER
control field GE_BSU
008 - FIXED-LENGTH DATA ELEMENTS--GENERAL INFORMATION
fixed length control field 181216s||||||||xx |||||||||||||| ||und||
020 ## - INTERNATIONAL STANDARD BOOK NUMBER
International Standard Book Number 9789941434778.
040 ## - CATALOGING SOURCE
Transcribing agency GE_BSU
080 ## - UNIVERSAL DECIMAL CLASSIFICATION NUMBER
Universal Decimal Classification number 575.113.1
100 ## - MAIN ENTRY--PERSONAL NAME
Personal name დოლიძე, ქეთევან
245 ## - TITLE STATEMENT
Title ნიშან-თვისებათა დამემკვიდრება ჩაის (Thea sinensis L)დიპლოიდურ და პოლიპლოიდურ ჰიბრიდებში.
245 ## - TITLE STATEMENT
Statement of responsibility, etc. რედ:ანზორ დიასამიძე
260 ## - PUBLICATION, DISTRIBUTION, ETC.
Place of publication, distribution, etc. ბათუმი.
260 ## - PUBLICATION, DISTRIBUTION, ETC.
Name of publisher, distributor, etc. ბათუმის შოთა რუსთაველის სახელმეიფო უნ-ტის გამ-ბა
260 ## - PUBLICATION, DISTRIBUTION, ETC.
Date of publication, distribution, etc. 2014.
300 ## - PHYSICAL DESCRIPTION
Extent 166გვ;19სმ;ცხრ.
653 ## - INDEX TERM--UNCONTROLLED
Uncontrolled term ნიშან-თვისებათა დამემკვიდრება ჩაის (Thea sinensis L)დიპლოიდურ და პოლიპლოიდურ ჰიბრიდებში.
942 ## - ADDED ENTRY ELEMENTS (KOHA)
Koha item type წიგნი
ეგზემპლარები
Withdrawn status Lost status Damaged status Not for loan Date acquired Barcode Date last seen Price effective from Koha item type
        2018-12-17 33711 2018-12-17 2018-12-17 წიგნი
        2018-12-17 33712 2018-12-17 2018-12-17 წიგნი
        2018-12-17 33713 2018-12-17 2018-12-17 წიგნი
        2018-12-17 33714 2018-12-17 2018-12-17 წიგნი
        2018-12-17 33715 2018-12-17 2018-12-17 წიგნი